Т. 3, № 1; Физика и химия стекла

Sonraí bibleagrafaíochta
Parent link:Физика и химия стекла/ Академия наук СССР (АН СССР). Т. 3, № 1.— , 1977-.— 0132-6651
Teanga:Rúisis
Foilsithe / Cruthaithe: 1977
Formáid: LEABHAR
KOHA link:https://koha.lib.tpu.ru/cgi-bin/koha/opac-detail.pl?biblionumber=380486

MARC

LEADER 00000nam2a2200000 4500
001 380486
005 20231101062657.0
035 |a (RuTPU)RU\TPU\prd\1598 
035 |a RU\TPU\prd\405 
090 |a 380486 
100 |a 20020218a19759999k y0rusy50 ca 
101 0 |a rus 
102 |a RU 
200 0 |a Т. 3, № 1 
210 |d 1977 
461 1 |0 (RuTPU)RU\TPU\prd\405  |x 0132-6651  |t Физика и химия стекла  |f Академия наук СССР (АН СССР)  |v Т. 3, № 1  |d 1977- 
801 2 |a RU  |b 63413507  |c 20160727  |g PSBO 
942 |c BK 
999 |a НТБ_ТПУ  |b НФ  |e -8/20100113  |p П-8811  |u 0,00  |v 1  |y 13821000802454